00296nam a2200121Ia 4500008004100000100002800041245002600069260003400095300000900129650001200138942000700150999001700157190216s9999||||xx |||||||||||||| ||und|| aBalakrishnan Eleyidam N 0aJandhusathra Pravasam bKerala Bhasha Institutec1972 a200p aZoology cBK c37874d37874